00334nam a22000977a 4500082001200000100002500012245008700037260004100124650002500165700004600190 a200 THE aAdnan Murtaza Danish aTH-SOF-1272-Design and Simulation of MEMS based Inertial Electromagnetic Harvester aIslamabadbNUST College of EMEc2016 a MS-MTS-74 MSTHESIS  aSupervisor Dr. Muhammad Mubasher Saleem